000 00658cam a22002413a 4500
001 24388
003 PGUSA
005 20140828083524.0
008 080121s2008||||xxu|||||s|||||000 | eng d
040 _aPGUSA
_beng
042 _adc
050 4 _aQL
100 1 _aBurroughs, John,
_d1837-1921
245 1 0 _aSquirrels and Other Fur-Bearers
_h[electronic resource] /
_cJohn Burroughs
260 _bProject Gutenberg,
_c2008
506 _aPublic domain in the USA.
516 _aElectronic text
653 _aAnimal behavior
653 _aMammals
830 0 _aProject Gutenberg
_v24388
856 4 0 _uhttp://www.gutenberg.org/ebooks/24388
942 _cEB
999 _c253643
_d253643